Southville International School and Colleges
Your cart is empty.
  • Cart
  • Lists
    Public lists Eva Luna New books Lux_list list_1
    Your lists Log in to create your own lists
  • Log in to your account
  • Your cookies
  • Search history
Southville International School and Colleges
  • Advanced search
  • Recent comments
  • Most popular
  • Libraries

Log in to your account

Log in with GOOGLE


If you do not have an external account, but do have a local account, you can still log in:

  1. Home
  2. MARC view: 101 Dalmatians :
Normal view MARC view ISBD view

101 Dalmatians : (Record no. 105580)

[ view plain ]
MARC details
000 -LEADER
fixed length control field 00424nam a2200157 a 4500
005 - DATE AND TIME OF LATEST TRANSACTION
control field 20140412111407.0
008 - FIXED-LENGTH DATA ELEMENTS--GENERAL INFORMATION
fixed length control field 070817s19uu xx 00 eng d
020 ## - INTERNATIONAL STANDARD BOOK NUMBER
International Standard Book Number 0-307-10014-6
050 ## - LIBRARY OF CONGRESS CALL NUMBER
Classification number ER
Item number On2 1994
100 ## - MAIN ENTRY--PERSONAL NAME
Personal name Korman, Justin
245 ## - TITLE STATEMENT
Title 101 Dalmatians :
Remainder of title Pongo to the rescue! /
Statement of responsibility, etc Justine Korman.
260 ## - PUBLICATION, DISTRIBUTION, ETC. (IMPRINT)
Place of publication, distribution, etc U.S.A :
Name of publisher, distributor, etc Golden,
Date of publication, distribution, etc 1994.
440 ## - SERIES STATEMENT/ADDED ENTRY--TITLE
Title Walt disney
650 ## - SUBJECT ADDED ENTRY--TOPICAL TERM
Topical term or geographic name as entry element Dogs
General subdivision fiction
Holdings
Withdrawn status Lost status Damaged status Home library Current library Shelving location Date acquired Source of acquisition Total Checkouts Full call number Barcode Date last seen Price effective from Koha item type
      Elizalde Library Elizalde Library Easy Reading Section 08/17/2007     ER On2 1994 E10372 04/12/2014 04/12/2014 Books

101 Dalmatians :

APA

Korman J., . (1994). 101 Dalmatians. U.S.A: Golden.

Chicago

Korman Justin, . 1994. 101 Dalmatians. U.S.A: Golden.

Harvard

Korman J., . (1994). 101 Dalmatians. U.S.A: Golden.

MLA

Korman Justin, . 101 Dalmatians. U.S.A: Golden. 1994.

  • Place hold
  • Print
  • Cite
  • Add to your cart (remove)
  • Save record
    BIBTEX Dublin Core MARCXML MARC (non-Unicode/MARC-8) MARC (Unicode/UTF-8) MARC (Unicode/UTF-8, Standard) MODS (XML) RIS
  • More searches
    Search for this title in:
    Other Libraries (WorldCat) Other Databases (Google Scholar) Online Stores (Bookfinder.com) Open Library (openlibrary.org)

Exporting to Dublin Core...

SOUTHVILLE LIBRARY

Southville International School and Colleges Library

1281 Tropical Ave. Cor. Luxembourg St., BF Homes International, Las Pinas City

Tel. No. 8256374 / 252358 Loc. 117/146

Powered by Koha